[Event "WCh Candidates Finals"]
[Site "Elista RUS"]
[Date "2007.06.08"]
[Round "3"]
[White "Aronian, L."]
[Black "Shirov, A."]
[Result "1/2-1/2"]
[WhiteElo "2759"]
[BlackElo "2699"]
[Annotator "Mihail Marin"]
[PlyCount "135"]
[EventDate "2007.06.06"]

{An exciting day, with hard fought games and... facing the author of the
express report with a difficult task. (In fact, today I took my family to a
one-week vacation at high altitude and was naive enough to hope for an "easy"
round after few hours of driving followed by playing football with the kids). 
The fight in Aronian-Shirov took "concrete" forms from an early stage. Black's
piece activity seemed to compensate for his worse structure. By giving up a
pawn, Aronian managed to stabilize the position and went on increasing his
advantage gradually. After the first control, Black's situation deteriorated
rapidly, but White seems to have gone wrong immediately after the second
control, allowing the simplification to a drawn rook ending. Overall, a very
tense game, where the final result remained hard to predict for most of the
time.  Bareev repeated the variation that led him to defeat in the first game,
but offered rather feeble resistance against a well-determined Leko. It took a
long time and effort before Black could castle artificially and connect rooks,
but, ironically, it was just then that Black's king's problems started. White
carried out the attack in elegant way.  After the first round defeat,
Rublevsky abandoned his pet variation in the Sicilian and chose a
well-approved line. However, he soon found himself under very strong attack.
The position looked more or less winning for White, but the wide choice of
tempting continuations seems to have confused Grischuk, who allowed his
opponent a miraculous escape.  Kamsky stuck to his policy of playing solid,
unpretentious, schemes with White, with the obvious aim to outplay his
opponent in the middlegame. However, his fifth move looked dubious already,
allowing Gelfand to carry out the minority's attack in very effective way,
something he failed to do one day earlier. By the first time control, White's
entire queenside structure had vanished from board, leaving Black with three
(!) extra pawns. Curiously, Kamsky decided to test Gelfand's technique for 18
more moves before resigning.} 1. d4 d5 2. c4 dxc4 {Frankly speaking, the
Queen's Gambit Accepted does not really suit Shirov's enterprising style of
play, but match strategy has its own rules: play solidly with Black and try to
win with White.} 3. e4 {Or maybe Shirov relies on the fact that Aronian plays
this uncompromising move, leading to positions that can easily explode
tactically...} e5 4. Nf3 exd4 5. Bxc4 Nc6 6. O-O Be6 7. Bb5 ({Despite the
favourable result of the first game of the match, Aronian deviates from} 7.
Bxe6) 7... Bc5 8. b4 Bb6 9. a4 a6 10. Bxc6+ bxc6 11. a5 Ba7 12. Bb2 Nf6 13.
Nxd4 Bxd4 14. Bxd4 Nxe4 15. Bxg7 Rg8 16. Be5 Bh3 17. Bg3 Nxg3 18. hxg3 Qxd1 19.
Rxd1 Be6 {After a short phase of intense piece contact, the position has
calmed down and we can draw the first conclusions. Black's structure is in
ruins, but his rooks can be activated very easily. In fact, the  b- and
g-files were opened precisely as a consequence of allowing the creation of
"pawn islands". In order to obtain an advantage, White needs to install his
knight on c5, defended by the c5-pawn. However, this seems to be difficult to
achieve in view of the threats ...Rg4 and ...Rb8.} 20. Nc3 Rg4 21. Rab1 Rb8 22.
f4 $1 {As mentioned above, the b4-pawn is essential. White can do without one
of his double g-pawns, because Black cannot create a passed pawn on this wing
anyway.} Bf5 23. Rb2 Rxg3 24. Na4 Kf8 25. Nc5 Ra8 {We can see that Black's
extra-pawn is not too significant. It is true that the double pawns control
important squares along the d-file, but at the same time they prevent the
communication between the king's rook and the queenside (for instance, it
would be better to defend the a6-pawn with ...Rg6 and maintain the other rook
active). We can conclude that as long as he can maintain the stability of his
knight on c5 (meaning not to lose the b4-pawn) White can count on a stable
advantage.} 26. Kf2 Rc3 27. Rbd2 Rc4 28. Rd4 Rxd4 29. Rxd4 Ke7 30. Rd1 Be6 31.
Re1 Kf6 32. Re5 {SInce the black rook is tied down to the defence of the
a6-pawn, White has the upper hand in the centre.} h6 33. g3 Bc4 {Understandably
, Shirov becomes worried by White's slow but constant progress in the centre
and on the kingside and decides to free his rook from its humiliating duties.
However, this will allow a radical activation of the white pieces.} 34. Nd7+
Kg7 35. Re7 {An instructive position. White plays for domination despite the
reduced amount of material left on board. His pieces are not easy to be driven
away from the seventh rank.} Rd8 {Creating a relative pin. If Nc5 now
(attacking the c7-pawn), then ...Rd2+ followed by ...Rb2.} 36. Ke3 h5 37. f5 ({
The position was not ripe for} 37. Nc5 {yet. After} Rd1 {
Black would have sufficient counterplay against the b4- and g3-pawns.}) 37...
Rg8 {Shirov understands that his opponent is not going to clear the d-file so
easily tries to find new horisons for his rook. The main threat is ...Kh6
followed by ...Rg4.} 38. Re4 Bb5 39. Rh4 Rd8 40. Nc5 Kh6 41. Kf4 (41. g4 {
was inoffensive because of} Kg5 {, but once White has taken the g5-square
under control, the threat becomes serious.}) 41... Be2 42. Rh2 Bb5 43. Ke5 {
Although Black has displayed certain inventivity in the search for counterplay,
White's achievement in the previous phase of the game is more important: his
king is superbly centralized, putting the f7-square (and, in certain cases,
the enemy king) in great danger.} Kg5 $6 ({This seemingly active move is the
main cause of the rapid deterioration of Black's position in the next phase of
the game. Black should have kept the f6-square well-defended with} 43... Kg7 {
and even if this would have lost a pawn to} 44. Rxh5 {, his counterplay after}
Rd5+ 45. Ke4 Rd1 {looks sufficient for saving the game. White has problems
defending his b- and g-pawn and also to activate his king.}) 44. Ne4+ Kg4 45.
Kf6 Kf3 46. Rh4 Bd3 47. Nc5 Kxg3 48. Rxh5 Bc4 49. Rh1 {The exchange of one
pair of pawns has not brought Black the desired relief. Once the g3-pawn has
dissappeared from board, the black king has absolutely nothing to do on the
empty white kingside and will face serious problems returning into play.} Rb8
50. Rd1 Rxb4 $5 ({It is hard to give a definitive evaluation to this move,
which eliminates such an important pawn. Objectively speaking, it could have
just... shortened Black's suffering, but from practical point of view it
appears to be correct decision. The fact is that the character of the position
will change abruptly and White will have to take concrete decisions, something
not easy after 50 moves and a rather long technical phase, where the
calculation of just 1-2 moves ahead was sufficient... White's main threat was
Rd4 anyway, when the bishop would have had to abandon one of the a6- and
f7-pawns. After} 50... Ra8 51. Ke7 {
followed by Kd7, he would have been hopelessly passive.}) 51. Rd4 {Setting up
deadly pin and cutting the enemy king along a rank, which is highly unpleasant.
} Kf3 52. Nxa6 $6 ({
This careless move allows Black to prolong the fight. The prophylactical} 52.
Rh4 {, threatening Nxa6 would have won after a couple of accurate moves:} Kg3 (
{Trying to dismantle White's mechanism. There is not much to be said about} 
52... Ke3 53. Nxa6 $1 Ra4 54. Nc5 Rb4 55. a6 {
when the a6-pawn will cost Black dearly.}) 53. Re4 Kf3 54. Ke7 $1 {Suddenly, Bl
ack is in zugzwang. If the king moves, the white rook would cease to be
attacked, which would allow Nxa6. This leaves us with} Ra4 {but then} 55. Rh4
$1 Kg3 56. Rd4 {forces} Rb4 {and now} 57. Nxa6 {wins as shown above.}) 52... c5
$3 {At the cost of one pawn, Black wins essential time. However, his position
was so bad that he hardly can count on a draw yet.} 53. Nxc5 Ke3 54. Rh4 Kd2
55. Na6 Ra4 56. Nxc7 Kd3 57. a6 Ra5 58. Rf4 $1 ({By over-defending the f5-pawn,
White prepares the transfer of the king to the queenside. After the careless} 
58. Ke7 $2 {Black draws with} Bxa6 59. Nxa6 Rxf5 $1) 58... Kc3 59. Ke7 Rc5 60.
Kd6 Ra5 61. f6 $2 ({As this frequently happens, the first move after reaching
the time control is bad. Aronian obviously considered the capture on a6
impossible and did not wish to spend time on prophylactic moves. The correct
continuation would have been} 61. Kc6 $1 {Not only preventing ...Bxa6, but
also preparing to sustain the advance of the a-pawn.} Ra1 ({After} 61... Bxa6
62. Kb6 Re5 63. Nxa6 Kd3 64. Nc5+ Ke3 65. Rf1 {Black cannot increase the
pressure against White's last pawn. After the return of the enemy king to the
kingside, Black would be completely hopeless.}) 62. Kb6 Rb1+ ({
The attempt to catch the pawn from g2 with} 62... Bf1 {allows the elegant} 63.
Rxf1 $1 Rxf1 64. a7 {with an easy win.}) 63. Kc5 {
and Black will have to sacrifice one of his pieces for the dangerous pawn.})
61... Bxa6 $1 62. Nxa6 Rxa6+ 63. Ke7 {Aronian probably considered this ending
to be winning and in fact he will miss just one tempo to prove it...} Ra7+ 64.
Kf8 Kd3 65. Rh4 Ke3 66. Rh7 Kf4 67. Rxf7 {
White has managed to win the pawn, but his pieces lack harmony.} Ra6 68. Kg7 ({
and in view of the variation} 68. Kg7 Kg5 69. Rf8 Rb6 70. f7 {(What else?!)}
Rg6+ $1 $11 {with perpetual, Aronian offered a draw.}) 1/2-1/2

[Event "WCh Candidates Finals"]
[Site "Elista RUS"]
[Date "2007.06.08"]
[Round "3"]
[White "Leko, P."]
[Black "Bareev, E."]
[Result "1-0"]
[WhiteElo "2738"]
[BlackElo "2643"]
[Annotator "Mihail Marin"]
[PlyCount "81"]
[EventDate "2007.06.06"]

1. e4 c6 2. d4 d5 3. Nc3 dxe4 4. Nxe4 Nd7 5. Ng5 Ngf6 6. Bd3 e6 7. N1f3 Bd6 8.
Qe2 h6 9. Ne4 Nxe4 10. Qxe4 Qc7 11. O-O b6 12. Qg4 Kf8 {Bareev's decision to
repeat the variation that led him to defeat in the first game is questionable.
It is not only about the objective merits of the variation (Black was quite OK
after the opening), but has more to do with psychologycal aspects: why play
under the influence of recent bad memories?} 13. Qh4 ({Deviating from} 13. Re1
{, which led to a balanced position in the first game.}) 13... Bb7 14. Re1 Kg8
{This time Bareev is not willing to weaken the long diagonal too soon. But how
is he going to connect rooks?} 15. Qh3 Re8 16. c4 Nf6 17. Bd2 c5 {Practically
forced because of the threat Bc3, when Black would have been completely
paralized.} 18. d5 e5 $2 ({Equivalent to strategic surrendering. Black should
have accepted the pawn sacrifice with} 18... exd5 {. It is true that White
would have ample compensation in view of the uncomfortable position of the
black king, but this is an element Black had accepted when he played 12...Kf8,
or maybe even 4...Nd7.}) 19. Bc3 {Now, besides the above-mentioned problem,
Black has to endure the psoitional pressure in the centre.} g6 {
Finally giving in.} 20. Qh4 Kg7 21. Nd2 Qd8 22. Bc2 Bc8 23. Ba4 g5 ({
Black is forced to weaken his king's position furthermore. In case of} 23...
Re7 24. f4 $1) ({or} 23... Bd7 24. f4 $1 Bxa4 25. fxe5 Be7 26. d6 {
White would obtain a very powerful attack.}) 24. Qg3 Nh5 $2 ({
But after this careless move Black's position becomes hopeless.} 24... Re7 $2 {
would hardly have been better because of} 25. Rxe5 $5 {
and Black's pieces have no safe place to hide.}) ({
The only chance for survival was} 24... Bd7 {
, although White would have considerable advantage.}) 25. Qf3 {This is the
point. In order to save his attacked pieces, Black has to continue advancing
his g-pawn, creating decisive weaknesses.} g4 26. Qd1 Re7 27. h3 ({
Another promissing start of the attack was} 27. Ne4 {
, when Black's fortress on dark squares looks rather shaky.}) 27... Nf6 28.
hxg4 Bxg4 29. f3 Bc8 30. Re3 Nh5 31. Qe1 f6 32. Qh4 Nf4 33. Ne4 Rf7 34. g3 Ng6
35. Qh5 Bb8 {White has gradually increased hiskingside pressure. Now, it is
time for concrete threats.} 36. Bc2 f5 37. f4 $1 {Elegant and decisive.} Re8 (
37... fxe4 38. Bxe4 Rf6 39. fxe5 {is also hopeless for Black.}) 38. Nf2 Rf6 39.
Rae1 e4 40. Bxe4 $1 {Or anything else.} fxe4 41. Nxe4 1-0

[Event "WCh Candidates Finals"]
[Site "Elista RUS"]
[Date "2007.06.08"]
[Round "3"]
[White "Grischuk, A."]
[Black "Rublevsky, S."]
[Result "1/2-1/2"]
[WhiteElo "2717"]
[BlackElo "2680"]
[Annotator "Mihail Marin"]
[PlyCount "97"]
[EventDate "2007.06.06"]

1. e4 c5 2. Nf3 e6 3. d4 cxd4 4. Nxd4 Nc6 5. Nc3 a6 6. Be2 Qc7 {Quite a surpriz
e! Rublevsky almost never develops his queen to c7 in the Sicilian, but the
first game of the match might have convinced him to abandon his former views.}
7. O-O Nf6 8. Be3 Be7 9. f4 d6 10. a4 O-O 11. Kh1 Re8 {By transposition, we
reached a topical position of the Scheweningen, which passed the heavy test of
the second match Karpov-Kasparov quite successfully. In fact, after losing his
title, Karpov practically gave up playing 1.e4, which speaks a lot about his
conclusions on this variation...} 12. Bf3 Bd7 13. Nb3 {During the match,
Karpov usually allowed the exchange on d4. He retreated with the knight only
in the last game, where he desperately needed to win - and lost!} b6 14. g4 Bc8
15. g5 Nd7 16. Bg2 Bb7 ({The main alternative is} 16... Rb8 {
followed by ...Na5.}) 17. Rf3 Nb4 18. Rh3 g6 19. Qd2 Bf8 20. Qf2 Bg7 21. Rf1
Re7 {This move (in a slightly different position) was designed by Kasparov in
the aforementioned game. Black plans to double rooks on the e-file in order to
discourage the thematical advance of the f-pawn.} 22. Bd4 e5 23. fxe5 dxe5 {
The generally desirable capture with the knight isimpossible because the
b6-pawn is hanging.} 24. Be3 Rd8 25. a5 $1 {
White keeps his opponent under pressure on both wings.} bxa5 26. Nc5 Nf8 27.
Nxb7 Qxb7 28. Bb6 Rb8 29. Bxa5 Nc6 30. b4 Ne6 31. Qh4 {After a short queenside
diversion, White switches back to his main plan: the direct attack against the
king.} Nxa5 32. bxa5 Nf4 ({
The standard way to parry the attack along the h-file} 32... h5 {
does not work here because after} 33. gxh6 {
White would jump with his knight to d5, with decisive threats.}) 33. Qxh7+ Kf8
34. Nd5 Re6 35. Rhf3 Rd8 {Things have gone wrong for Black, but he has hopes
to survive because of White's numerous pawn weaknesses. If White's attack
fails, the endgame should be OK for Black.} 36. Rxf4 $6 ({
A tempting but unnecessary sacirfice.} 36. Nxf4 exf4 37. Rxf4 {followed by the
brutal advance of the h-pawn would have taken White's attack to alarming
proportions.}) 36... exf4 37. Nxf4 Qc6 38. e5 ({Even here,} 38. h4 {
looks promissing.}) 38... Qc4 39. Qh3 Kg8 40. Nxe6 fxe6 {Despite his
considerable material advantage, White can hardly be happy aout the recent
evolution of the position. His attack has vanished and he is left with just
weaknessses. Rublevsky had little trouble achieving a draw.} 41. Qb3 Qxb3 42.
cxb3 Bxe5 43. Bb7 Rd2 44. Bxa6 Rxh2+ 45. Kg1 Rh5 46. b4 Rxg5+ 47. Kh1 Rg4 48.
b5 Ra4 49. Bc8 1/2-1/2